[Event "Sparkassen-Open B"]
[Site "Heusenstamm, Martinsee"]
[Date "2018.11.22"]
[Round "1.27"]
[White "Westhof, Benedikt"]
[Black "Dixon, Laura Michaela"]
[Result "1/2-1/2"]
[WhiteElo "1691"]
[BlackElo "1163"]
[PlyCount "38"]
[EventDate "2018.??.??"]
[WhiteTeam "SC Heusenstamm"]
[BlackTeam "VSG Offenbach"]

1. d4 d5 2. c4 Nf6 3. cxd5 Nxd5 4. e4 Nf6 5. Nc3 e6 6. Bg5 Be7 7. Nf3 b6 8.
Bb5+ Nbd7 9. Ne5 Bb7 10. Nc6 Bxc6 11. Bxc6 Rb8 12. O-O O-O 13. Bf4 a6 14. Qa4
b5 15. Qa5 Rb6 16. d5 Nb8 17. Ba8 Nbd7 18. Bc6 Nb8 19. Ba8 Nbd7 1/2-1/2

[Event "Sparkassen-Open B"]
[Site "Heusenstamm, Martinsee"]
[Date "2018.11.22"]
[Round "1.28"]
[White "Ilievski, Kosto"]
[Black "Hofmann, Werner"]
[Result "0-1"]
[WhiteElo "1387"]
[BlackElo "1685"]
[PlyCount "76"]
[EventDate "2018.??.??"]
[WhiteTeam "SC Groß-Zimmern"]
[BlackTeam "SV Kelsterbach"]

1. Nf3 d5 2. d4 Bf5 3. Bf4 e6 4. e3 Nf6 5. Bd3 Bg6 6. a3 a5 7. Bg5 Be7 8. Bxf6
Bxf6 9. Qe2 Nd7 10. c4 c6 11. cxd5 exd5 12. Nc3 Bxd3 13. Qxd3 O-O 14. O-O Be7
15. a4 f5 16. g3 Qe8 17. Kg2 Qh5 18. h4 Rf6 19. Ne2 Bd6 20. Rh1 h6 21. Rh3 Raf8
22. Neg1 Re6 23. Rh1 Nf6 24. Qd1 Ne4 25. Nh2 Qg6 26. Qf3 Be7 27. Nf1 Bd6 28.
Rd1 Bb4 29. Nh3 Bd6 30. Nf4 Qf7 31. h5 Bxf4 32. Qxf4 Qe7 33. b3 Qa3 34. Rd3 Qa2
35. Qf3 Qc2 36. Qd1 Qxf2+ 37. Kh3 Ng5+ 38. Kh4 Re4+ 0-1

[Event "Sparkassen-Open B"]
[Site "Heusenstamm, Martinsee"]
[Date "2018.11.22"]
[Round "1.29"]
[White "Schomann, Michael"]
[Black "Klein, Simon"]
[Result "1-0"]
[WhiteElo "1680"]
[BlackElo "1377"]
[PlyCount "61"]
[EventDate "2018.??.??"]
[WhiteTeam "TSV Kücknitz"]
[BlackTeam "SK Hungen"]

1. d4 Nf6 2. c4 d6 3. Nc3 Nbd7 4. e4 e5 5. d5 a5 6. Bg5 Be7 7. Nf3 h6 8. Bh4 g5
9. Bg3 Nc5 10. Nd2 h5 11. f3 h4 12. Bf2 b6 13. Be2 Nh5 14. g3 Bh3 15. f4 Ng7
16. f5 Kd7 17. Bxc5 bxc5 18. Qa4+ Kc8 19. Qc6 Ra7 20. Nb5 Rb7 21. Qa6 Bg2 22.
Na7+ Kb8 23. Nc6+ Kc8 24. Nxd8 Bxh1 25. Qxb7+ Kd7 26. Nxf7 Rh7 27. Qc6+ Kc8 28.
f6 Bxf6 29. Bg4+ Kb8 30. Qb5+ Ka8 31. Bc8 1-0

[Event "Sparkassen-Open B"]
[Site "Heusenstamm, Martinsee"]
[Date "2018.11.22"]
[Round "1.30"]
[White "Scheerer, Julian"]
[Black "Burow, Roger"]
[Result "0-1"]
[WhiteElo "1364"]
[BlackElo "1675"]
[PlyCount "102"]
[EventDate "2018.??.??"]
[WhiteTeam "SV 1934 Ffm-Griesheim"]
[BlackTeam "SV Kelsterbach"]

1. e4 e5 2. Nf3 Nc6 3. Bc4 Nf6 4. d4 d5 5. exd5 Nxd5 6. dxe5 Be6 7. O-O h6 8.
Bxd5 Bxd5 9. Re1 Be7 10. Nc3 Be6 11. Be3 a6 12. Qxd8+ Rxd8 13. Rad1 O-O 14. Rd2
Bb4 15. Rb1 b6 16. Nd4 Nxe5 17. Rdd1 Bc8 18. Bf4 Bd6 19. Re1 Nf3+ 20. Nxf3 Bxf4
21. Re7 Bd6 22. Ree1 Bb7 23. Ne4 Rd7 24. Nxd6 Rxd6 25. Ne5 Rfd8 26. Nc4 Rg6 27.
f3 Bxf3 28. g3 Bb7 29. Re7 Rc8 30. Rbe1 Rc6 31. Ne3 Kf8 32. Rd7 Re8 33. Kf2 Bc8
34. Rd2 Rf6+ 35. Kg1 Bh3 36. Rf2 Rfe6 37. Rfe2 g6 38. Kf2 Rf6+ 39. Kg1 Rf3 40.
Ng2 Rd8 41. Nf4 Bg4 42. Kg2 g5 43. Nd3 Rfxd3 44. cxd3 Bxe2 45. Rxe2 Rxd3 46.
Kh3 Rd6 47. Kg4 Rf6 48. Re5 Kg7 49. Kh5 c5 50. g4 Rf2 51. h4 Rh2 0-1

[Event "Sparkassen-Open B"]
[Site "Heusenstamm, Martinsee"]
[Date "2018.11.22"]
[Round "1.31"]
[White "Wu, Sifan"]
[Black "Englert, Lin"]
[Result "1-0"]
[WhiteElo "1669"]
[BlackElo "1294"]
[PlyCount "51"]
[EventDate "2018.??.??"]
[WhiteTeam "SV Oberursel"]
[BlackTeam "TV-Großostheim"]

1. e4 c5 2. Nf3 Nc6 3. d4 cxd4 4. Nxd4 g6 5. Nc3 Bg7 6. Be3 Nf6 7. f3 O-O 8.
Qd2 e6 9. O-O-O d6 10. h4 Bd7 11. g4 d5 12. exd5 Nxd5 13. Nxd5 exd5 14. Nb3 Be6
15. h5 Qf6 16. Nd4 Nxd4 17. Bxd4 Qxd4 18. Qxd4 Bxd4 19. Rxd4 Rac8 20. Bd3 b6
21. g5 Rc5 22. Rdh4 f5 23. gxf6 Rxf6 24. hxg6 hxg6 25. Rh8+ Kf7 26. R1h7# 1-0

[Event "Sparkassen-Open B"]
[Site "Heusenstamm, Martinsee"]
[Date "2018.11.22"]
[Round "1.32"]
[White "Gnandt, Michael"]
[Black "Gude, Michael"]
[Result "1-0"]
[WhiteElo "1316"]
[BlackElo "1666"]
[PlyCount "137"]
[EventDate "2018.??.??"]
[WhiteTeam "SV Steinhausen"]
[BlackTeam "SF Fürth"]

1. e4 e6 2. d4 d5 3. e5 c5 4. c3 Qb6 5. Qb3 Qxb3 6. axb3 Nc6 7. Nf3 Bd7 8. Na3
a6 9. Nc2 cxd4 10. cxd4 Nge7 11. Bd3 Ng6 12. Bd2 Be7 13. O-O O-O 14. b4 Na7 15.
Ra2 Rfc8 16. Rfa1 Nf8 17. Na3 Be8 18. b5 Bxa3 19. bxa6 Bxb2 20. Rxb2 b5 21. Bb4
Nd7 22. Bd6 Nb6 23. Rb3 h6 24. Rab1 Nc4 25. Bc5 Nc6 26. Rxb5 Rxa6 27. Bxc4 dxc4
28. Rb6 Raa8 29. Rc1 f6 30. exf6 gxf6 31. h3 Bf7 32. Rxc4 e5 33. Rc3 Ra4 34.
dxe5 fxe5 35. Be3 Rc4 36. Rxc4 Bxc4 37. Bxh6 Bf7 38. Rb1 Bd5 39. Nd2 Nd4 40.
Re1 Re8 41. Be3 Nf5 42. Bf4 Nh4 43. g3 Ng6 44. h4 Nxf4 45. gxf4 e4 46. Kh2 Kh7
47. Re3 Kh6 48. Rg3 Rf8 49. Rg4 Bb7 50. Kg3 Rd8 51. Nf1 Ba6 52. Ne3 Be2 53. Rg5
Rc8 54. f5 Bf3 55. Ng4+ Kh7 56. Kf4 Ra8 57. Nf6+ Kh8 58. h5 Rf8 59. Rg6 Ra8 60.
h6 Rf8 61. Kg5 e3 62. fxe3 Bd1 63. h7 Bb3 64. e4 Bf7 65. Rh6 Bb3 66. e5 Bc4 67.
e6 Bxe6 68. fxe6 Re8 69. Rg6 1-0

[Event "Sparkassen-Open B"]
[Site "Heusenstamm, Martinsee"]
[Date "2018.11.22"]
[Round "1.33"]
[White "Hoppstädter, Daniel"]
[Black "Ziegler, Christopher"]
[Result "1-0"]
[WhiteElo "1274"]
[BlackElo "1353"]
[PlyCount "57"]
[EventDate "2018.??.??"]
[WhiteTeam "Kirkel"]
[BlackTeam "SV Kelsterbach"]

1. e4 e6 2. d4 d5 3. Nc3 Nf6 4. e5 Nfd7 5. Nf3 c5 6. Bf4 Nc6 7. Bb5 cxd4 8.
Nxd4 Qc7 9. O-O Ncxe5 10. Bxd7+ Bxd7 11. Qh5 Bd6 12. Ndb5 Qb8 13. Nxd6+ Qxd6
14. Bxe5 Qc6 15. Bxg7 Rg8 16. Qxh7 O-O-O 17. Ne2 Qc4 18. Ng3 f5 19. f4 Kb8 20.
Bf6 Bb5 21. Bxd8 Rxd8 22. Rf2 Qd4 23. Re1 Re8 24. Qg6 Bd7 25. Nxf5 Rf8 26. Qg7
Qc5 27. Qxd7 exf5 28. Re8+ Rxe8 29. Qxe8+ 1-0

[Event "Sparkassen-Open B"]
[Site "Heusenstamm, Martinsee"]
[Date "2018.11.22"]
[Round "1.34"]
[White "Cromm, Mika"]
[Black "Fuchs, Andreas"]
[Result "0-1"]
[WhiteElo "1350"]
[BlackElo "1661"]
[PlyCount "94"]
[EventDate "2018.??.??"]
[WhiteTeam "TuS Löhnberg"]
[BlackTeam "SC Ober-Ramstadt"]

1. d4 e6 2. c4 Nf6 3. Nc3 c5 4. e3 g6 5. Nf3 Bg7 6. Be2 O-O 7. O-O a6 8. b3 Re8
9. Bb2 cxd4 10. exd4 d5 11. c5 Nc6 12. a3 Nd7 13. Na4 b5 14. cxb6 Nxb6 15. Nxb6
Qxb6 16. b4 Bd7 17. Ne5 Nxe5 18. dxe5 Rec8 19. Bd4 Qb7 20. Rb1 Rc7 21. Bd3 Rac8
22. Qe2 Bb5 23. Bxb5 Qxb5 24. Qxb5 axb5 25. f4 Rc2 26. Bc5 f6 27. exf6 Bxf6 28.
Rfe1 Kf7 29. Re3 R8xc5 30. bxc5 Bd4 31. Rbb3 Bxe3+ 32. Rxe3 Rxc5 33. Kf2 Kf6
34. g4 Rc4 35. Kf3 d4 36. Re5 b4 37. axb4 Rxb4 38. Re4 Rb3+ 39. Kf2 Rb2+ 40.
Kf3 d3 41. Rd4 Rxh2 42. Rxd3 Rh3+ 43. Ke4 Rxd3 44. Kxd3 h5 45. gxh5 gxh5 46.
Ke3 Kf5 47. Kf3 h4 0-1

[Event "Sparkassen-Open B"]
[Site "Heusenstamm, Martinsee"]
[Date "2018.11.22"]
[Round "1.35"]
[White "Jagadeesh, Balakrishnan"]
[Black "Wiese, Frank"]
[Result "1-0"]
[WhiteElo "1657"]
[BlackElo "1345"]
[PlyCount "95"]
[EventDate "2018.??.??"]
[WhiteTeam "Singapore"]
[BlackTeam "SF Frankfurt"]
[WhiteTeamCountry "SIN"]

1. Nf3 d5 2. g3 Nf6 3. Bg2 e6 4. O-O Be7 5. c4 O-O 6. d4 dxc4 7. Ne5 Nc6 8.
Nxc6 bxc6 9. Qa4 Qxd4 10. Rd1 Qb6 11. Na3 Bxa3 12. Qxa3 Qa6 13. Qc5 Rb8 14. Bg5
Nd5 15. e4 f6 16. Bd2 Rb5 17. Qxc4 Ne7 18. Bf1 Rb6 19. Qc5 Qb7 20. Qxe7 Rxb2
21. Ba5 c5 22. Bg2 e5 23. Qxc7 Qa6 24. Bf1 Qe6 25. Qxc5 Ba6 26. Qd5 Qxd5 27.
exd5 Bxf1 28. Kxf1 Rf7 29. a3 Rd7 30. d6 Kf7 31. Rac1 Rbb7 32. Rc7 Ke6 33. Rxb7
Rxb7 34. d7 Rxd7 35. Rxd7 Kxd7 36. Bb4 Ke6 37. Ke2 a6 38. Kd3 Kd5 39. Bf8 g6
40. Bg7 e4+ 41. Ke3 f5 42. Bh6 Ke5 43. Kd2 Kd4 44. Bg7+ Kc4 45. Ke3 Kd5 46. Kf4
Ke6 47. Kg5 Kf7 48. Kh6 1-0

[Event "Sparkassen-Open B"]
[Site "Heusenstamm, Martinsee"]
[Date "2018.11.22"]
[Round "1.36"]
[White "Plaumann, Arvin"]
[Black "Michel, Carsten"]
[Result "1-0"]
[WhiteElo "1338"]
[BlackElo "1653"]
[PlyCount "67"]
[EventDate "2018.??.??"]
[WhiteTeam "SF Heidesheim"]
[BlackTeam "SC Flörsheim"]

1. e4 c5 2. Bc4 e6 3. Nf3 Nc6 4. c3 Qc7 5. d3 Nf6 6. Be3 d5 7. exd5 exd5 8. Bb3
Bg4 9. d4 cxd4 10. Bxd4 Nxd4 11. Qxd4 Bxf3 12. gxf3 Bc5 13. Ba4+ Kf8 14. Qd3
Qf4 15. b4 Qc1+ 16. Qd1 Qxd1+ 17. Bxd1 Re8+ 18. Kf1 Bd6 19. Ba4 Re7 20. Nd2 g6
21. Re1 Rxe1+ 22. Kxe1 Be5 23. c4 dxc4 24. Nxc4 Bc3+ 25. Ke2 a6 26. b5 Kg7 27.
bxa6 bxa6 28. Rc1 Bb4 29. Ne5 Nd5 30. Kf1 Ba3 31. Rc6 Rb8 32. Bb3 Nf4 33. Rc7
a5 34. Rxf7+ 1-0

[Event "Sparkassen-Open B"]
[Site "Heusenstamm, Martinsee"]
[Date "2018.11.22"]
[Round "1.37"]
[White "Janßen, Norbert"]
[Black "Griesfeller, Sven"]
[Result "1/2-1/2"]
[WhiteElo "1647"]
[BlackElo "1332"]
[PlyCount "58"]
[EventDate "2018.??.??"]
[WhiteTeam "SC Breuberg"]
[BlackTeam "SG Wächtersbach"]

1. d4 Nf6 2. Bf4 d5 3. e3 e6 4. Nf3 Bd6 5. Bg3 O-O 6. Nbd2 b6 7. Bd3 Bb7 8. c3
Ne4 9. Qc2 f5 10. Ne5 Nxd2 11. Qxd2 Nd7 12. f4 Nxe5 13. fxe5 Be7 14. Qe2 c5 15.
O-O a5 16. Rac1 c4 17. Bc2 b5 18. a3 b4 19. axb4 axb4 20. cxb4 Bxb4 21. Ra1 Qb6
22. Rfb1 Rxa1 23. Rxa1 Ra8 24. Rxa8+ Bxa8 25. Qd1 Bc6 26. Ba4 Bb5 27. Bxb5 Qxb5
28. Qe2 Qa4 29. Kf2 Be7 1/2-1/2

[Event "Sparkassen-Open B"]
[Site "Heusenstamm, Martinsee"]
[Date "2018.11.22"]
[Round "1.38"]
[White "Papadopoulos, Leon"]
[Black "Firinci, Erdem"]
[Result "0-1"]
[WhiteElo "1329"]
[BlackElo "1645"]
[PlyCount "52"]
[EventDate "2018.??.??"]
[WhiteTeam "SV Oberursel"]
[BlackTeam "SF Heusenstamm"]

1. e4 c5 2. d4 cxd4 3. Qxd4 Nc6 4. Qd3 e5 5. Nf3 Nf6 6. Be2 Be7 7. Nc3 O-O 8.
O-O d6 9. Nd5 Be6 10. Nxe7+ Qxe7 11. Bg5 Rad8 12. Nh4 Nd4 13. Rfe1 Rc8 14. Nf5
Bxf5 15. exf5 Nxc2 16. Rec1 Nxa1 17. Rxc8 Rxc8 18. Qd1 Nc2 19. Bd3 Nd4 20. Be4
h6 21. Bxb7 Qxb7 22. Bxf6 gxf6 23. h3 Qe4 24. Qh5 Rc1+ 25. Kh2 Qf4+ 26. g3
Qxf2# 0-1

[Event "Sparkassen-Open B"]
[Site "Heusenstamm, Martinsee"]
[Date "2018.11.22"]
[Round "1.39"]
[White "Strate, Wolfgang"]
[Black "Jelinek, Stefan"]
[Result "0-1"]
[WhiteElo "1645"]
[BlackElo "1318"]
[PlyCount "68"]
[EventDate "2018.??.??"]
[WhiteTeam "SC Eschbach"]
[BlackTeam "SC Kahl"]

1. d4 d6 2. e4 b6 3. Nc3 Bb7 4. Bc4 Nf6 5. f3 e6 6. Nge2 Be7 7. O-O O-O 8. d5
e5 9. Ng3 Bc8 10. Be3 c6 11. Qe2 a6 12. Rad1 c5 13. a4 Ne8 14. f4 f6 15. Qh5
Bd7 16. Rf2 Qc8 17. Nf5 Qd8 18. Nxe7+ Qxe7 19. f5 Nc7 20. Rb1 b5 21. Bb3 Be8
22. Qg4 Nd7 23. axb5 Nxb5 24. Na4 Kh8 25. Bc4 Rg8 26. Rf3 Nd4 27. Rh3 g6 28.
Bxd4 exd4 29. b3 Ne5 30. Qe2 Nxc4 31. fxg6 Rxg6 32. Qxc4 Qxe4 33. Rf3 Bb5 34.
Nc3 Qxf3 0-1

[Event "Sparkassen-Open B"]
[Site "Heusenstamm, Martinsee"]
[Date "2018.11.22"]
[Round "1.40"]
[White "Schwab, Tizian"]
[Black "Moseler, Thomas"]
[Result "0-1"]
[WhiteElo "1318"]
[BlackElo "1636"]
[PlyCount "112"]
[EventDate "2018.??.??"]
[WhiteTeam "TV-Großostheim"]
[BlackTeam "HSK Lister Turm"]

1. e4 e5 2. Nf3 Nc6 3. Bb5 a6 4. Ba4 Nf6 5. O-O Be7 6. Re1 b5 7. Bb3 d6 8. c3
O-O 9. h3 Na5 10. Bc2 c5 11. d3 Qc7 12. Nbd2 Re8 13. c4 Nc6 14. b3 Bf8 15. Nf1
g6 16. Bg5 Bg7 17. Ne3 Ne7 18. Nd2 h6 19. Bh4 Kh7 20. Bxf6 Bxf6 21. Rf1 Be6 22.
f4 exf4 23. Rxf4 Bxa1 24. Qxa1 Ng8 25. Qf1 Ra7 26. Nb1 Kg7 27. Nc3 b4 28. Ncd5
Qd8 29. Bd1 Qg5 30. Bg4 h5 31. h4 Qd8 32. Bd1 Bxd5 33. Nxd5 Re6 34. Qf2 Nf6 35.
Qg3 Nxd5 36. exd5 Re5 37. Re4 Rae7 38. Bf3 Qe8 39. Kf2 Rxe4 40. Bxe4 Re5 41.
Qh3 Qe7 42. g4 hxg4 43. Qxg4 f5 44. Bxf5 Rxf5+ 45. Kg2 Qe3 46. Qg3 Qe2+ 47. Kh3
Rf3 48. Qxf3 Qxf3+ 49. Kh2 Qxd3 50. Kg2 Kh6 51. Kf2 Kh5 52. a3 bxa3 53. Ke1 a2
54. Kf2 a1=Q 55. Kg2 Qb2+ 56. Kg1 Qdb1# 0-1

[Event "Sparkassen-Open B"]
[Site "Heusenstamm, Martinsee"]
[Date "2018.11.22"]
[Round "1.41"]
[White "Leach, Julien"]
[Black "Krieger, Roy"]
[Result "1-0"]
[WhiteElo "1635"]
[BlackElo "1312"]
[PlyCount "60"]
[EventDate "2018.??.??"]
[WhiteTeam "SC Bad Soden"]
[BlackTeam "Muldental Wilkau-Haßlau"]

1. d4 d5 2. Bf4 e6 3. e3 Nf6 4. Nf3 c5 5. c3 Qb6 6. Qb3 Qxb3 7. axb3 Nc6 8. Bb5
Bd7 9. Nbd2 Be7 10. O-O O-O 11. h3 cxd4 12. exd4 a6 13. Bxc6 Bxc6 14. Ne5 Bb5
15. c4 dxc4 16. bxc4 Bd7 17. Ndf3 Nh5 18. Nxd7 Rfd8 19. Nb6 Ra7 20. Bc7 Re8 21.
d5 Bc5 22. d6 Nf6 23. d7 Nxd7 24. Nxd7 b6 25. Bxb6 Bxb6 26. Nxb6 Rd8 27. Rfd1
Rxd1+ 28. Rxd1 g6 29. Rd7 Rxd7 30. Nxd7 Kg7 1-0

[Event "Sparkassen-Open B"]
[Site "Heusenstamm, Martinsee"]
[Date "2018.11.22"]
[Round "1.42"]
[White "Welker, Alexandra"]
[Black "Bär, Christian"]
[Result "1/2-1/2"]
[WhiteElo "1308"]
[BlackElo "1631"]
[PlyCount "60"]
[EventDate "2018.??.??"]
[WhiteTeam "TuS Makkabi"]
[BlackTeam "SC Steinbach"]

1. e4 e5 2. Nf3 Nc6 3. Bc4 g6 4. Nc3 Bg7 5. O-O Nge7 6. d3 Na5 7. Bb3 O-O 8.
Be3 d6 9. h3 h6 10. d4 Nxb3 11. axb3 Nc6 12. d5 Ne7 13. Qd2 Kh7 14. Ne1 f5 15.
f4 exf4 16. Bd4 Be5 17. Nf3 fxe4 18. Nxe4 Bxd4+ 19. Qxd4 Nf5 20. Qd2 Ne3 21.
Rfc1 Bf5 22. Nc3 a6 23. Nd4 Qg5 24. Nxf5 Rxf5 25. Ne4 Qe7 26. Nc3 Re5 27. Re1
Re8 28. Ra4 Qh4 29. Nd1 Qg3 30. Nxe3 Rxe3 1/2-1/2

[Event "Sparkassen-Open B"]
[Site "Heusenstamm, Martinsee"]
[Date "2018.11.22"]
[Round "1.43"]
[White "Plötz, Hans-Jürgen"]
[Black "Burkart, Lloyd Shang"]
[Result "0-1"]
[WhiteElo "1622"]
[BlackElo "1157"]
[PlyCount "116"]
[EventDate "2018.??.??"]
[WhiteTeam "SC Bad Nauheim"]
[BlackTeam "TuS Makkabi"]

1. d4 Nf6 2. Nf3 b6 3. Bf4 Ba6 4. a3 e6 5. Nbd2 Be7 6. h3 O-O 7. e3 Bxf1 8.
Nxf1 d5 9. N1d2 c5 10. O-O Nc6 11. c3 Qd7 12. Ne5 Nxe5 13. Bxe5 Rac8 14. Nf3
Rfd8 15. Qb1 h6 16. b4 cxb4 17. cxb4 Rc4 18. Qb2 Rdc8 19. Rac1 Qc6 20. Rxc4
Qxc4 21. Bg3 Qc2 22. Rb1 Qxb2 23. Rxb2 Rc3 24. Ra2 Ne4 25. Bh4 g5 26. Bg3 Nxg3
27. fxg3 Rxe3 28. Kf2 Rc3 29. g4 Kf8 30. Ke2 Ke8 31. Kd2 Rc4 32. Kd3 Bf6 33.
Re2 Kd7 34. Ne5+ Bxe5 35. Rxe5 f6 36. Re2 Kd6 37. Rf2 Ke7 38. Rb2 e5 39. dxe5
fxe5 40. Rf2 Rf4 41. Rc2 Rc4 42. Rxc4 dxc4+ 43. Kxc4 Kd6 44. a4 a5 45. bxa5
bxa5 46. g3 Kc6 47. h4 Kd6 48. Kb5 Kd5 49. Kxa5 e4 50. Kb6 e3 51. a5 e2 52. a6
e1=Q 53. a7 Qe8 54. hxg5 hxg5 55. Kb7 Ke4 56. a8=Q Qxa8+ 57. Kxa8 Kf3 58. Kb7
Kxg3 0-1

[Event "Sparkassen-Open B"]
[Site "Heusenstamm, Martinsee"]
[Date "2018.11.22"]
[Round "1.44"]
[White "Häfner, Günther"]
[Black "Sacher, Dieter"]
[Result "1/2-1/2"]
[WhiteElo "1261"]
[BlackElo "1617"]
[PlyCount "58"]
[EventDate "2018.??.??"]
[WhiteTeam "Berkershm"]
[BlackTeam "SV Neu-Isenburg"]

1. e4 c5 2. Nf3 Nc6 3. d4 cxd4 4. Nxd4 Nf6 5. Nc3 d6 6. Be2 g6 7. a4 Bg7 8. Be3
Bd7 9. O-O Rc8 10. Qd2 O-O 11. Nxc6 Bxc6 12. Bh6 Nxe4 13. Nxe4 Bxe4 14. Bxg7
Rxc2 15. Qe3 Kxg7 16. Qxe4 Qc7 17. b3 e6 18. Bd3 Rc3 19. Bc4 Qa5 20. Qd4+ Kg8
21. Qxd6 Rd8 22. Qe7 Rd2 23. Qe8+ Kg7 24. Qb5 Qc7 25. Qg5 Qd6 26. h3 Rcc2 27.
Qe3 a6 28. Rac1 Rb2 29. Rb1 Rbc2 1/2-1/2

[Event "Sparkassen-Open B"]
[Site "Heusenstamm, Martinsee"]
[Date "2018.11.22"]
[Round "1.45"]
[White "Hegmann, Kolja"]
[Black "Schmid, Leon"]
[Result "0-1"]
[WhiteElo "1614"]
[BlackElo "1260"]
[PlyCount "60"]
[EventDate "2018.??.??"]
[WhiteTeam "TuS Makkabi"]
[BlackTeam "SF Heidesheim"]

1. e4 e6 2. d4 d5 3. exd5 exd5 4. Nf3 Nf6 5. c4 Qe7+ 6. Be3 dxc4 7. Qa4+ Bd7 8.
Qxc4 Qb4+ 9. Qxb4 Bxb4+ 10. Bd2 Bxd2+ 11. Nbxd2 Nc6 12. Nb3 O-O-O 13. O-O-O Ne4
14. d5 Ne7 15. Re1 Nxf2 16. Rxe7 Nxh1 17. Rxf7 Bg4 18. Ne5 Bh5 19. Rxg7 Rxd5
20. Nf3 Nf2 21. Kc2 Rhd8 22. Rxh7 Bg6+ 23. Kc3 Bxh7 24. Bc4 Nd1+ 25. Kb4 R5d6
26. Ng5 Bg8 27. Bxg8 Rxg8 28. h4 Ne3 29. g3 Nf5 30. Ne4 Rb6+ 0-1

[Event "Sparkassen-Open B"]
[Site "Heusenstamm, Martinsee"]
[Date "2018.11.22"]
[Round "1.46"]
[White "Solovej, Philip"]
[Black "Traut, Stefan"]
[Result "1/2-1/2"]
[WhiteElo "1131"]
[BlackElo "1601"]
[PlyCount "50"]
[EventDate "2018.??.??"]
[WhiteTeam "SK Gründau"]
[BlackTeam "SF Heusenstamm"]

1. e4 d5 2. exd5 Qxd5 3. Nc3 Qa5 4. Bc4 Bf5 5. d3 c6 6. Nf3 e6 7. Qe2 Be7 8.
Be3 Nf6 9. Nd4 Nbd7 10. Nxf5 Qxf5 11. O-O O-O 12. f3 Rfd8 13. Ne4 Nb6 14. Bxb6
axb6 15. Bb3 Rd7 16. Rad1 Rdd8 17. Kh1 h6 18. Ng3 Qc5 19. Ne4 Qa5 20. Qd2 Qxd2
21. Rxd2 b5 22. a3 Nxe4 23. fxe4 Bf6 24. Rb1 Rd4 25. Re2 Be5 1/2-1/2

[Event "Sparkassen-Open B"]
[Site "Heusenstamm, Martinsee"]
[Date "2018.11.22"]
[Round "1.47"]
[White "Schwegler, Jelena"]
[Black "Werner, Florin"]
[Result "1-0"]
[WhiteElo "1496"]
[BlackElo "1234"]
[PlyCount "67"]
[EventDate "2018.??.??"]
[WhiteTeam "SK Bad Homburg"]
[BlackTeam "VSG Offenbach"]

1. e4 e6 2. d4 d5 3. Nc3 Nf6 4. Bg5 h6 5. Bxf6 Qxf6 6. e5 Qd8 7. Bd3 Bd7 8.
Nge2 c5 9. dxc5 Bxc5 10. g3 Nc6 11. f4 Qb6 12. Rf1 Nd4 13. Qd2 Nxe2 14. Bxe2
Rc8 15. a3 h5 16. Qd3 h4 17. g4 Bd4 18. Nb5 Bxb2 19. Rb1 Bc3+ 20. Kd1 O-O 21.
Nxc3 Rxc3 22. Rxb6 Rxd3+ 23. Bxd3 axb6 24. Kd2 Ra8 25. Rb1 Rxa3 26. Rxb6 Bc6
27. Ke3 Ra1 28. Kf2 d4 29. Rb4 Rh1 30. h3 Rxh3 31. Rxd4 Rf3+ 32. Ke2 h3 33.
Rd8+ Be8 34. Rxe8# 1-0

[Event "Sparkassen-Open B"]
[Site "Heusenstamm, Martinsee"]
[Date "2018.11.22"]
[Round "1.48"]
[White "Schulze, Tim"]
[Black "Bastian, Ben"]
[Result "1/2-1/2"]
[WhiteElo "1228"]
[BlackElo "1592"]
[PlyCount "78"]
[EventDate "2018.??.??"]
[WhiteTeam "SC Lüneburg"]
[BlackTeam "SC Herborn"]

1. d4 Nf6 2. c4 c6 3. Nc3 d5 4. Nf3 Bf5 5. cxd5 cxd5 6. Qb3 Qb6 7. Nxd5 Nxd5 8.
Qxd5 e6 9. Qb3 Qxb3 10. axb3 Nc6 11. Bf4 Bb4+ 12. Bd2 Bxd2+ 13. Kxd2 O-O 14. e3
Rfc8 15. Bd3 Bxd3 16. Kxd3 Nb4+ 17. Ke2 Rc2+ 18. Nd2 Rxb2 19. Rhc1 Rc2 20. Rxc2
Nxc2 21. Rc1 Nb4 22. Rc7 b6 23. Nc4 Nd5 24. Rd7 Nc3+ 25. Kd3 Nb5 26. Nd6 Nxd6
27. Rxd6 Rc8 28. Rd7 a6 29. Rb7 b5 30. Rb6 Kf8 31. Rxa6 b4 32. Ra7 Rc3+ 33. Kd2
Rxb3 34. Kc2 Rc3+ 35. Kb2 Rd3 36. Kc2 Rc3+ 37. Kb2 Rc6 38. Rb7 Rc4 39. Rb5 Ke7
1/2-1/2

[Event "Sparkassen-Open B"]
[Site "Heusenstamm, Martinsee"]
[Date "2018.11.22"]
[Round "1.49"]
[White "Pomrehn, Ole Magnus"]
[Black "Homfeldt, Maren"]
[Result "1-0"]
[WhiteElo "1533"]
[BlackElo "1211"]
[PlyCount "51"]
[EventDate "2018.??.??"]
[WhiteTeam "SC Nidderau"]
[BlackTeam "SC Noris-Tarrasch Nürnberg"]

1. g3 e6 2. Bg2 Ne7 3. d3 h6 4. Nd2 g6 5. Rb1 Bg7 6. b3 d6 7. Bb2 Nd7 8. Bxg7
Rg8 9. Bb2 d5 10. e3 b6 11. Ne2 Bb7 12. Rc1 a6 13. Nf3 Nc6 14. a3 Qe7 15. Ned4
O-O-O 16. Nxc6 Bxc6 17. b4 e5 18. c3 e4 19. dxe4 dxe4 20. Nd4 Ne5 21. O-O Nf3+
22. Bxf3 exf3 23. Nxc6 Qe6 24. Nxd8 Qh3 25. Qxf3 Kxd8 26. Rfd1+ 1-0

[Event "Sparkassen-Open B"]
[Site "Heusenstamm, Martinsee"]
[Date "2018.11.22"]
[Round "1.50"]
[White "Stollreiter, Marc"]
[Black "Uphoff, Jürgen"]
[Result "1/2-1/2"]
[WhiteElo "1204"]
[BlackElo "1581"]
[PlyCount "64"]
[EventDate "2018.??.??"]
[WhiteTeam "Kölner SK Dr. Lasker"]
[BlackTeam "vereinslos"]

1. c4 Nf6 2. g3 e6 3. Bg2 Be7 4. Nc3 O-O 5. Nf3 c6 6. d4 d5 7. c5 Nbd7 8. O-O
Ng4 9. h3 Ngf6 10. b4 a6 11. a4 Ne8 12. Bf4 Nef6 13. g4 Re8 14. Qd3 Nf8 15. b5
axb5 16. axb5 Rxa1 17. Rxa1 Qd7 18. Ne5 Qd8 19. b6 Ng6 20. Nxg6 hxg6 21. Ra8
Qd7 22. Bg3 Nh7 23. h4 g5 24. h5 Bf6 25. e3 e5 26. dxe5 Bxe5 27. Bxe5 Rxe5 28.
Qd4 Re8 29. f3 Qe6 30. Kf2 Bd7 31. Ra7 Bc8 32. Ra8 Bd7 1/2-1/2

[Event "Sparkassen-Open B"]
[Site "Heusenstamm, Martinsee"]
[Date "2018.11.22"]
[Round "1.51"]
[White "Kirchner, Stefan"]
[Black "Lochmann, Tobias"]
[Result "1-0"]
[WhiteElo "1580"]
[BlackElo "1203"]
[PlyCount "33"]
[EventDate "2018.??.??"]
[WhiteTeam "SF Schöneck"]
[BlackTeam "SV Groß-Gerau"]

1. e4 e5 2. Nf3 Nc6 3. Bc4 Nf6 4. Ng5 d5 5. exd5 Nxd5 6. Nxf7 Qe7 7. Bxd5 Nb4
8. Bb3 Be6 9. Bxe6 Qxe6 10. Nxh8 O-O-O 11. a3 Nc6 12. h3 Bc5 13. Qg4 Qxg4 14.
hxg4 Rxh8 15. b4 Bb6 16. c4 Rf8 17. c5 1-0

[Event "Sparkassen-Open B"]
[Site "Heusenstamm, Martinsee"]
[Date "2018.11.22"]
[Round "1.52"]
[White "Richter, Johannes"]
[Black "Denz, Markus"]
[Result "1-0"]
[WhiteElo "1203"]
[BlackElo "1580"]
[PlyCount "97"]
[EventDate "2018.??.??"]
[WhiteTeam "Berkershm"]
[BlackTeam "SC Hattersheim"]

1. Nf3 d5 2. c4 e6 3. d4 Nf6 4. Nc3 Be7 5. e3 O-O 6. cxd5 exd5 7. Be2 c6 8. O-O
Bf5 9. Bd3 Bg6 10. Bxg6 fxg6 11. Bd2 Nbd7 12. Ne5 Qc7 13. f4 c5 14. Qb3 c4 15.
Qc2 a6 16. a4 Rab8 17. Ra2 b5 18. axb5 axb5 19. Rfa1 b4 20. Ra7 Rb7 21. Rxb7
Qxb7 22. Nxd7 Qxd7 23. Nd1 Ne4 24. Be1 b3 25. Qc1 Qf5 26. Nc3 Nxc3 27. Bxc3 g5
28. g3 Rf6 29. Qf1 Re6 30. Re1 gxf4 31. exf4 Kf7 32. Rxe6 Kxe6 33. Qe2+ Qe4 34.
Qxe4+ dxe4 35. Kf2 g6 36. h3 Kd5 37. Ke3 Bf6 38. g4 h6 39. f5 gxf5 40. gxf5
Bg5+ 41. Kf2 e3+ 42. Kf3 h5 43. h4 Bxh4 44. Kxe3 Bg5+ 45. Kf3 Bf6 46. Kf4 h4
47. Kg4 Ke4 48. Be1 Kxd4 49. Bc3+ 1-0

[Event "Sparkassen-Open B"]
[Site "Heusenstamm, Martinsee"]
[Date "2018.11.22"]
[Round "1.53"]
[White "Lohia, Sohum"]
[Black "Bergmann, Lennart"]
[Result "1/2-1/2"]
[WhiteElo "1562"]
[BlackElo "1193"]
[PlyCount "90"]
[EventDate "2018.??.??"]
[WhiteTeam "Wetherby"]
[BlackTeam "VSG Offenbach"]

1. e4 d5 2. exd5 Qxd5 3. Nf3 Bg4 4. Be2 Nf6 5. d4 c6 6. c4 Qd6 7. O-O e6 8. Nc3
Qc7 9. h3 Bh5 10. Be3 Bd6 11. Qd2 O-O 12. Rac1 Qe7 13. Ne5 Bxe2 14. Qxe2 Nbd7
15. f4 a6 16. g4 Rfc8 17. g5 Ne8 18. Ne4 f6 19. Nxd7 Qxd7 20. gxf6 Nxf6 21.
Nxf6+ gxf6 22. Kh1 Kh8 23. Qh5 Qe8 24. Qf3 Qf7 25. Rg1 Rg8 26. f5 exf5 27. Qxf5
Rg6 28. Rcf1 Rf8 29. b3 Rfg8 30. Rxg6 Rxg6 31. Rg1 Rxg1+ 32. Bxg1 Qe7 33. Qc8+
Kg7 34. Qg4+ Kf7 35. Qh5+ Kg8 36. Qf5 Kg7 37. Qg4+ Kf7 38. Bf2 Qe6 39. Qf3 f5
40. Bh4 Qe4 41. Qxe4 fxe4 42. Kg2 Ke6 43. Kf2 Kf5 44. Ke2 Kf4 45. Bf2 Kf5
1/2-1/2